[Event "Foment Martinenc op-B 17th"]
[Site "Barcelona"]
[Date "2015.06.06"]
[Round "7"]
[White "Povill Batlle, Ramon"]
[Black "Alonso Perez, Daniel"]
[Result "1-0"]
[WhiteElo "1997"]
[BlackElo "1925"]
[PlyCount "89"]
[EventDate "2015.04.25"]
[EventType "swiss"]
[EventRounds "9"]
[EventCountry "ESP"]
[SourceTitle "EXT 2017"]
[Source "ChessBase"]
[SourceDate "2016.10.25"]
[SourceVersion "1"]
[SourceVersionDate "2016.10.25"]
[SourceQuality "1"]

1. e4 g6 2. d4 Bg7 3. Nc3 a6 4. Nf3 d6 5. Be3 b5 6. Qd2 Bb7 7. Bd3 Nd7 8. h4 h5 9. Ng5 c5 10. e5 dxe5 11. dxc5 b4 12. Nce4 a5 13. Bc4 Nh6 14. Bb5 Qc7 15. 0-0-0 Bc6 16. Bc4 0-0 17. Ne6 fxe6 18. Bxh6 Rad8 19. Bxe6+ Kh7 20. Bxg7 Kxg7 21. Qe3 Bxe4 22. Bxd7 Bb7 23. c6 Bxc6 24. Bxc6 Qxc6 25. Qxe5+ Qf6 26. Qxf6+ exf6 27. Rxd8 Rxd8 28. Re1 Kf7 29. Re2 Rd4 30. g3 g5 31. hxg5 fxg5 32. Re5 Kf6 33. Rxa5 h4 34. gxh4 gxh4 35. a4 bxa3 36. Rxa3 Rf4 37. Rh3 Kg5 38. f3 Rd4 39. c3 Rf4 40. Kd2 Kf5 41. b3 Ke5 42. Ke3 Kf5 43. Rh1 Ke5 44. Rh2 Kf5 45. Ra2 1-0

[Event "Foment Martinenc op-B 17th"]
[Site "Barcelona"]
[Date "2015.05.09"]
[Round "3"]
[White "Campoy Prades, Marc"]
[Black "Alonso Perez, Daniel"]
[Result "1-0"]
[WhiteElo "1981"]
[BlackElo "1925"]
[PlyCount "89"]
[EventDate "2015.04.25"]
[EventType "swiss"]
[EventRounds "9"]
[EventCountry "ESP"]
[SourceTitle "EXT 2017"]
[Source "ChessBase"]
[SourceDate "2016.10.25"]
[SourceVersion "1"]
[SourceVersionDate "2016.10.25"]
[SourceQuality "1"]

1. e4 g6 2. d4 Bg7 3. c4 d6 4. Nc3 Nf6 5. Nf3 0-0 6. h3 e5 7. dxe5 dxe5 8. Qxd8 Rxd8 9. Bg5 Re8 10. 0-0-0 c6 11. Be2 Nbd7 12. Rd6 h6 13. Bxf6 Nxf6 14. Rhd1 Nh5 15. Na4 Nf4 16. Bf1 Be6 17. Nc5 Bf8 18. Nxe6 Bxd6 19. Nxf4 exf4 20. Rxd6 Rxe4 21. Bd3 Re7 22. Kd2 Kg7 23. h4 c5 24. Rd5 b6 25. Ng1 Rae8 26. Ne2 Re6 27. Rd7 f3 28. gxf3 a5 29. Be4 R8e7 30. Rxe7 Rxe7 31. Nc3 Rd7+ 32. Bd5 Kf8 33. a4 Re7 34. Ne4 Re5 35. Nf6 Kg7 36. Nd7 Rh5 37. Nxb6 Rxh4 38. Nd7 Rd4+ 39. Ke2 h5 40. Nxc5 h4 41. Nb3 Rf4 42. Kf1 Rf6 43. Nxa5 Rb6 44. b3 f5 45. c5 1-0